000 00308nam a22001337a 4500
008 180308b xxu||||| |||| 00| 0 eng d
020 _a9780073311227
041 _aeng
080 _a330.322
100 _a51
101 _aINV
245 _aInvestments analysis and behavior
_cHirschey,M
942 _2udc
_cBK
999 _c44452
_d44452